Lý thuyết xác suất và thống kê toán học Dùng cho sinh viên và cao học các ngành Sinh vật, Nông nghiệp; Địa lý, Dân số, Kinh tế, Tâm lý giáo dục

שמור ב:
מידע ביבליוגרפי
מחבר ראשי: Phạm, Văn Kiều
פורמט: ספר
שפה:Undetermined
יצא לאור: H. Giáo dục 1998
נושאים:
גישה מקוונת:http://lrc.tdmu.edu.vn/opac/search/detail.asp?aID=2&ID=6151
תגים: הוספת תג
אין תגיות, היה/י הראשונ/ה לתייג את הרשומה!
Thư viện lưu trữ: Trung tâm Học liệu Trường Đại học Thủ Dầu Một
LEADER 00800nam a2200205Ia 4500
001 TDMU_6151
008 210410s9999 xx 000 0 und d
082 |a 519.2 
090 |b PH104 
100 |a Phạm, Văn Kiều 
245 0 |a Lý thuyết xác suất và thống kê toán học 
245 0 |b Dùng cho sinh viên và cao học các ngành Sinh vật, Nông nghiệp; Địa lý, Dân số, Kinh tế, Tâm lý giáo dục 
245 0 |c Phạm Văn Kiều 
260 |a H. 
260 |b Giáo dục 
260 |c 1998 
300 |a 319tr 
650 |a Xác suất thống kê; Thống kê toán học 
856 |u http://lrc.tdmu.edu.vn/opac/search/detail.asp?aID=2&ID=6151 
980 |a Trung tâm Học liệu Trường Đại học Thủ Dầu Một